<?xml version="1.0" encoding="UTF-8"?>
<record
    xmlns:xsi="http://www.w3.org/2001/XMLSchema-instance"
    xsi:schemaLocation="http://www.loc.gov/MARC21/slim http://www.loc.gov/standards/marcxml/schema/MARC21slim.xsd"
    xmlns="http://www.loc.gov/MARC21/slim">

  <leader>00657nam a22001337a 4500</leader>
  <datafield tag="040" ind1=" " ind2=" ">
    <subfield code="c">RUA</subfield>
  </datafield>
  <datafield tag="082" ind1=" " ind2=" ">
    <subfield code="a">FIS HEM 2013 B185 Or.1</subfield>
  </datafield>
  <datafield tag="100" ind1=" " ind2=" ">
    <subfield code="a">HEM, SOPHEAP</subfield>
  </datafield>
  <datafield tag="245" ind1=" " ind2=" ">
    <subfield code="a">Fry seed production of red-tail tinfoil barb(Barbodes altus) by semi-artificial method by using HGG and suprefact, &#x1780;&#x17B6;&#x179A;&#x1795;&#x179B;&#x17B7;&#x178F;&#x1780;&#x17BC;&#x1793;&#x178F;&#x17D2;&#x179A;&#x17B8;&#x178F;&#x17B6;&#x1798;&#x1794;&#x17C2;&#x1794;&#x1796;&#x17B6;&#x1780;&#x17CB;&#x1780;&#x178E;&#x17D2;&#x178F;&#x17B6;&#x179B;&#x179F;&#x17B7;&#x1794;&#x17D2;&#x1794;&#x1793;&#x17B7;&#x1798;&#x17D2;&#x1798;&#x17B7;&#x178F;&#x178A;&#x17C4;&#x1799;&#x1794;&#x17D2;&#x179A;&#x17BE;&#x17A2;&#x179A;&#x1798;&#x17C9;&#x17BC;&#x1793; HCG &#x1793;&#x17B7;&#x1784;SUPREFACT</subfield>
  </datafield>
  <datafield tag="260" ind1=" " ind2=" ">
    <subfield code="a">Phnom Penh</subfield>
    <subfield code="b">RUA</subfield>
    <subfield code="c">2013</subfield>
  </datafield>
  <datafield tag="300" ind1=" " ind2=" ">
    <subfield code="a">x,m 33p. </subfield>
    <subfield code="b">ill.</subfield>
    <subfield code="c">29cm.</subfield>
  </datafield>
  <datafield tag="856" ind1=" " ind2=" ">
    <subfield code="u">https://drive.google.com/file/d/1odj2Gneu1b3XNKoxLgwN9xISdkdsZ5iX/view?usp=sharing</subfield>
  </datafield>
  <datafield tag="942" ind1=" " ind2=" ">
    <subfield code="c">FIS</subfield>
  </datafield>
  <datafield tag="999" ind1=" " ind2=" ">
    <subfield code="c">4038</subfield>
    <subfield code="d">4038</subfield>
  </datafield>
  <datafield tag="952" ind1=" " ind2=" ">
    <subfield code="0">0</subfield>
    <subfield code="1">0</subfield>
    <subfield code="2">ddc</subfield>
    <subfield code="4">0</subfield>
    <subfield code="6">FIS_HEM_2013_000000000000000_B185_OR_1</subfield>
    <subfield code="7">0</subfield>
    <subfield code="9">20474</subfield>
    <subfield code="a">LBB</subfield>
    <subfield code="b">LBB</subfield>
    <subfield code="d">2015-12-04</subfield>
    <subfield code="l">2</subfield>
    <subfield code="o">FIS HEM 2013 B185 Or.1</subfield>
    <subfield code="p">RUA028760</subfield>
    <subfield code="r">2024-10-24</subfield>
    <subfield code="s">2024-09-17</subfield>
    <subfield code="w">2015-12-04</subfield>
    <subfield code="y">FIS</subfield>
  </datafield>
  <datafield tag="952" ind1=" " ind2=" ">
    <subfield code="0">0</subfield>
    <subfield code="1">0</subfield>
    <subfield code="2">ddc</subfield>
    <subfield code="4">0</subfield>
    <subfield code="6">FIS_HEM_2013_000000000000000_B185_OR_2</subfield>
    <subfield code="7">0</subfield>
    <subfield code="9">20475</subfield>
    <subfield code="a">LBB</subfield>
    <subfield code="b">LBB</subfield>
    <subfield code="d">2015-12-04</subfield>
    <subfield code="o">FIS HEM 2013 B185 Or.2</subfield>
    <subfield code="p">RUA028344</subfield>
    <subfield code="r">2015-12-04</subfield>
    <subfield code="w">2015-12-04</subfield>
    <subfield code="y">FIS</subfield>
  </datafield>
  <datafield tag="952" ind1=" " ind2=" ">
    <subfield code="0">0</subfield>
    <subfield code="1">0</subfield>
    <subfield code="2">ddc</subfield>
    <subfield code="4">0</subfield>
    <subfield code="6">FIS_HEM_2013_000000000000000_B185_OR_3</subfield>
    <subfield code="7">0</subfield>
    <subfield code="9">20476</subfield>
    <subfield code="a">LBB</subfield>
    <subfield code="b">LBB</subfield>
    <subfield code="d">2015-12-04</subfield>
    <subfield code="l">1</subfield>
    <subfield code="o">FIS HEM 2013 B185 Or.3</subfield>
    <subfield code="p">RUA028271</subfield>
    <subfield code="r">2016-07-25</subfield>
    <subfield code="s">2016-07-12</subfield>
    <subfield code="w">2015-12-04</subfield>
    <subfield code="y">FIS</subfield>
  </datafield>
  <datafield tag="952" ind1=" " ind2=" ">
    <subfield code="0">0</subfield>
    <subfield code="1">0</subfield>
    <subfield code="2">ddc</subfield>
    <subfield code="4">0</subfield>
    <subfield code="6">FIS_HEM_2013_000000000000000_B185_OR_4</subfield>
    <subfield code="7">0</subfield>
    <subfield code="9">20477</subfield>
    <subfield code="a">LBB</subfield>
    <subfield code="b">LBB</subfield>
    <subfield code="d">2015-12-04</subfield>
    <subfield code="o">FIS HEM 2013 B185 Or.4</subfield>
    <subfield code="p">RUA44925</subfield>
    <subfield code="r">2015-12-04</subfield>
    <subfield code="w">2015-12-04</subfield>
    <subfield code="y">FIS</subfield>
  </datafield>
  <datafield tag="952" ind1=" " ind2=" ">
    <subfield code="0">0</subfield>
    <subfield code="1">0</subfield>
    <subfield code="2">ddc</subfield>
    <subfield code="4">0</subfield>
    <subfield code="6">FIS_HEM_2013_000000000000000_B185_OR_5</subfield>
    <subfield code="7">0</subfield>
    <subfield code="9">20478</subfield>
    <subfield code="a">LBB</subfield>
    <subfield code="b">LBB</subfield>
    <subfield code="d">2015-12-04</subfield>
    <subfield code="o">FIS HEM 2013 B185 Or.5</subfield>
    <subfield code="p">RUA010931</subfield>
    <subfield code="r">2015-12-04</subfield>
    <subfield code="w">2015-12-04</subfield>
    <subfield code="y">FIS</subfield>
  </datafield>
  <datafield tag="952" ind1=" " ind2=" ">
    <subfield code="0">0</subfield>
    <subfield code="1">0</subfield>
    <subfield code="2">ddc</subfield>
    <subfield code="4">0</subfield>
    <subfield code="6">FIS_HEM_2013_000000000000000_B185_OR_6</subfield>
    <subfield code="7">0</subfield>
    <subfield code="9">20479</subfield>
    <subfield code="a">LBB</subfield>
    <subfield code="b">LBB</subfield>
    <subfield code="d">2015-12-04</subfield>
    <subfield code="l">3</subfield>
    <subfield code="o">FIS HEM 2013 B185 Or.6</subfield>
    <subfield code="p">RUA010570</subfield>
    <subfield code="r">2023-12-26</subfield>
    <subfield code="s">2023-11-30</subfield>
    <subfield code="w">2015-12-04</subfield>
    <subfield code="y">FIS</subfield>
  </datafield>
  <datafield tag="952" ind1=" " ind2=" ">
    <subfield code="0">0</subfield>
    <subfield code="1">0</subfield>
    <subfield code="2">ddc</subfield>
    <subfield code="4">0</subfield>
    <subfield code="6">FIS_HEM_2013_000000000000000_B185_OR_7</subfield>
    <subfield code="7">0</subfield>
    <subfield code="9">20480</subfield>
    <subfield code="a">LBB</subfield>
    <subfield code="b">LBB</subfield>
    <subfield code="d">2015-12-04</subfield>
    <subfield code="l">1</subfield>
    <subfield code="o">FIS HEM 2013 B185 Or.7</subfield>
    <subfield code="p">RUA010642</subfield>
    <subfield code="r">2016-04-26</subfield>
    <subfield code="s">2016-03-19</subfield>
    <subfield code="w">2015-12-04</subfield>
    <subfield code="y">FIS</subfield>
  </datafield>
  <datafield tag="952" ind1=" " ind2=" ">
    <subfield code="0">0</subfield>
    <subfield code="1">0</subfield>
    <subfield code="2">ddc</subfield>
    <subfield code="4">0</subfield>
    <subfield code="6">FIS_HEM_2013_000000000000000_B185_OR_8</subfield>
    <subfield code="7">0</subfield>
    <subfield code="9">20481</subfield>
    <subfield code="a">LBB</subfield>
    <subfield code="b">LBB</subfield>
    <subfield code="d">2015-12-04</subfield>
    <subfield code="o">FIS HEM 2013 B185 Or.8</subfield>
    <subfield code="p">RUA010926</subfield>
    <subfield code="r">2015-12-04</subfield>
    <subfield code="w">2015-12-04</subfield>
    <subfield code="y">FIS</subfield>
  </datafield>
  <datafield tag="952" ind1=" " ind2=" ">
    <subfield code="0">0</subfield>
    <subfield code="1">0</subfield>
    <subfield code="2">ddc</subfield>
    <subfield code="4">0</subfield>
    <subfield code="6">FIS_HEM_2013_000000000000000_B1_226_OR_1</subfield>
    <subfield code="7">0</subfield>
    <subfield code="9">78604</subfield>
    <subfield code="a">LBB</subfield>
    <subfield code="b">LBB</subfield>
    <subfield code="c">B1.226</subfield>
    <subfield code="d">2019-03-26</subfield>
    <subfield code="l">1</subfield>
    <subfield code="o">FIS HEM 2013 B1.226 Or.1</subfield>
    <subfield code="p">A36397</subfield>
    <subfield code="r">2024-08-15</subfield>
    <subfield code="s">2024-07-02</subfield>
    <subfield code="w">2019-03-26</subfield>
    <subfield code="y">FIS</subfield>
  </datafield>
</record>
